[Event "Narvik CC-ch"]
[Site "Narvik"]
[Date "2006.11.09"]
[Round "7"]
[White "Rolvag, Birk Anders"]
[Black "Wang, Lyberg Andre"]
[Result "1-0"]
[WhiteElo "1278"]
[BlackElo "828"]
[PlyCount "49"]
[EventDate "2006.09.07"]
[EventType "swiss"]
[EventRounds "7"]
[EventCountry "NOR"]
[SourceTitle "EXT 2008"]
[Source "ChessBase"]
[SourceDate "2007.11.25"]
[SourceVersion "1"]
[SourceVersionDate "2007.11.25"]
[SourceQuality "1"]

1. e4 c5 2. Nc3 Nc6 3. g3 Nf6 4. Bg2 e6 5. Nge2 d5 6. exd5 exd5 7. d4 c4 8. Bg5 Be6 9. Nf4 Bb4 10. 0-0 Bxc3 11. bxc3 0-0 12. Bxf6 Qxf6 13. Nxd5 Qd8 14. Nf4 Na5 15. Nxe6 fxe6 16. Re1 Qf6 17. Qe2 Rae8 18. d5 e5 19. Rad1 Qd6 20. Bh3 g6 21. Be6+ Rxe6 22. dxe6 Qxe6 23. Qxe5 Qf7 24. Qe6 Kg7 25. Rd7 1-0

[Event "Narvik CC-ch"]
[Site "Narvik"]
[Date "2006.11.02"]
[Round "6"]
[White "Wang, Lyberg Andre"]
[Black "Wollan, Joakim"]
[Result "1/2-1/2"]
[WhiteElo "828"]
[BlackElo "1071"]
[PlyCount "33"]
[EventDate "2006.09.07"]
[EventType "swiss"]
[EventRounds "7"]
[EventCountry "NOR"]
[SourceTitle "EXT 2008"]
[Source "ChessBase"]
[SourceDate "2007.11.25"]
[SourceVersion "1"]
[SourceVersionDate "2007.11.25"]
[SourceQuality "1"]

1. c4 e5 2. Nc3 Nf6 3. d3 c6 4. Nf3 d5 5. cxd5 Nxd5 6. Nxd5 Qxd5 7. e4 Qa5+ 8. Bd2 Bb4 9. a3 Bxd2+ 10. Qxd2 Qxd2+ 11. Nxd2 0-0 12. Be2 f5 13. 0-0 Rd8 14. f3 Na6 15. Rfc1 Be6 16. Nc4 Nc5 17. Rc3 1/2-1/2

[Event "Narvik CC-ch"]
[Site "Narvik"]
[Date "2006.09.14"]
[Round "2"]
[White "Jakobsen, Goeran"]
[Black "Wang, Lyberg Andre"]
[Result "1-0"]
[WhiteElo "1131"]
[BlackElo "828"]
[PlyCount "95"]
[EventDate "2006.09.07"]
[EventType "swiss"]
[EventRounds "7"]
[EventCountry "NOR"]
[SourceTitle "EXT 2008"]
[Source "ChessBase"]
[SourceDate "2007.11.25"]
[SourceVersion "1"]
[SourceVersionDate "2007.11.25"]
[SourceQuality "1"]

1. e4 c5 2. Nf3 Nc6 3. d4 cxd4 4. Nxd4 e6 5. Bb5 Bc5 6. c3 Nge7 7. Be3 0-0 8. Bxc6 bxc6 9. Nxc6 Nxc6 10. Bxc5 Re8 11. Nd2 d5 12. Qc2 Ne5 13. 0-0-0 Ba6 14. f3 Bd3 15. Qa4 a6 16. Qd4 Qf6 17. Bd6 Qg6 18. Bxe5 Bc4 19. Nxc4 dxc4 20. g3 f6 21. Bf4 Kh8 22. Qxc4 e5 23. Be3 Rec8 24. Qe6 Re8 25. Qd7 Rg8 26. h4 h6 27. h5 Qe8 28. Qxe8 Raxe8 29. Rd7 Ra8 30. Rhd1 Kh7 31. Ra7 Rac8 32. Rdd7 Rc6 33. Kc2 a5 34. Rxa5 Re6 35. Rad5 Ree8 36. a4 Ra8 37. a5 Kh8 38. Ra7 Rac8 39. Rdd7 Kh7 40. a6 Rc6 41. Rd5 Rb8 42. Ra5 Rcc8 43. Rb7 Ra8 44. a7 Kg8 45. Rab5 Re8 46. Rb8 Kh7 47. Rxa8 Rxa8 48. Rb8 1-0